000 00549nam a2200193Ia 4500
003 OSt
005 20240522115458.0
008 210210b2003 xxu||||| |||| 00| 0 eng d
040 _cAL
041 _aSanskrit
082 _aS491.5 LEEA
100 _aLEELA (K).
_dलीला (के)
_9166769
245 _aAnuvada chandrika (english translation).
_bअनुवाद चन्द्रिका
260 _aMysore
_bVidyuth prakashana
_c2003
300 _axii,48
690 _aSanskrit Grammar
_9166770
906 _a059812
942 _2ddc
_cBK
999 _c106898
_d106898